000 00745nam a22002417a 4500
005 20170124110112.0
010 _aA-779719
020 _c00.00
_a8172244681
035 _aA-779719
037 _bCen Lib/Ret
040 _aDPL
_bEN
082 _a658.456
_bTAY
100 _aTaylor, H. M
_929240
245 _aThe right way to conduct meetings, conferences and discussions /
_cby H. M. Taylor [and] A. G. Mears
260 _aBombay
_bJaico Publishing House
_c1995
270 _a121, M G Road
_bBombay
_e400001
300 _a124p.
_c21cm(Hb)
500 _aIncludes Index
650 _aPublic meetings
_929241
650 _aMeetings -- Procedure
_929242
700 _aMears, A. G
_929243
942 _2ddc
_cEN
_h658.456
_mTAY
999 _c130454
_d130454